1612 1362 1822 1356 1322 1317 1542 1552 1527 1941 1378 1682 1596 1542 1195 1634 1084 1110 1645 1290 1030 1051 1326 1983 1473 1454 1399 1756 1022 1262 1893 1025 1892 1884 1602 1505 1781 1205 1159 1961 1112 1484 1552 1506 1537 1792 1664 1407 1953 1093 1464 1187 1154 1352 1581 1947 1728 1204 1671 1854 1478 1639 1461 1698 1337 1969 1389 1045 1549 1858 1710 1824 1235 1718 1739 1114 1215 1358 1799 1091 1848 1937 1215 1780 1379 1896 1441 1527 1747 1582 1815 1702 1449 1708 1116 1383 1859 1201 1301 BCNSPRNW ULIB Ver.6.0+V

เปลี่ยนเป็นภาษาไทย

Change to English
 แสดงรายละเอียดบรรณานุกรม
  กลับหน้าหลัก

Brief Record : Get Marc (ISO 2709) : E-mail record : QR code < ปิดหน้าต่าง
LEADER : 00000nam 2200000uu 4500
001    13399111395
003     ULIB
008    110623s||||||||th 000 0 tha d
020    9745750298
050  4 BQ130^bพ379พ 2546
100 0  พระธรรมปิฎก (ประยุทธ์ ปยุตฺโต),^d2481-
245 10 พจนานุกรมพุทธศาสตร์ :^bฉบับประมวลศัพท์ /^cพระธรรมปิฏก(ป.อ. ปยุตฺโต)
250    พิมพ์ครั้งที่ 11
260    [กรุงเทพฯ] :^bมหาวิทยาลัยมหาจุฬาลงกรณราชวิทยาลัย,^c2546
300    ก-ฒ, 381 หน้า ;^c22 ซม.
536    พิมพ์เผยแพร่โดย "ทุนพิมพ์พจนานุกรมพุทธศาสตร์"
650  7 พุทธศาสนา^vพจนานุกรม
945    ^p0^l0^i020333
995    ทศพร
999 ^a ใช้งานได้ทุกระบบ
รายการนี้ยังไม่มีแท็ก
คุณยังไม่ได้ล็อกอิน คุณสามารถมีกิจกรรมร่วมกับเว็บไซต์ได้ แต่ต้องล็อกอินก่อน ::
  ล็อกอิน

รายการสื่อสารสนเทศ

ลำดับที่ ประเภท เลขเรียก/บาร์โค้ด สถานที่ สถานะ
- ไม่พบข้อมูล -

BibComment


ยังไม่เคยถูกคอมเมนท์

คอมเมนท์ทรัพยากรรายการนี้
  คอมเมนท์: พจนานุกรมพุทธศาสต..


 Copyright 2026. Bcnsprnw @Library